000
00322nam a22001337a 4500
008
181017b xxu||||| |||| 00| 0 eng d
020
_a
9781930699458
041
_a
eng
080
_2
3rd
_a
338
100
_a
54
101
_a
MEN
245
_a
A Guide to the Project Management Body of Knowledge
_c
PMBOK
942
_2
udc
_c
BK
999
_c
50026
_d
50026